000 00523nam a2200193Ia 4500
005 20250508154131.0
008 008 250505s9999 xx 000 0 eng d
037 _aDissertations
040 _aFEDL
_beng
_cFEDL
041 _aeng
_2eng
084 _a507, SHA/DI
_qFEDL
100 _aSharma D P
245 0 _aSome correlates of science ability
260 _c1966
300 _a122p.
546 _aM. Ed. Dissertations (Rajasthan University)
942 _cDIS
_h507, SHA/DI
999 _c1347901
_d1347901